Statistics for Double D Answers

Click here to take the quiz!

General Stats

  • This quiz has been taken 27,089 times
    (13,970 since last reset)
  • The average score is 14 of 20

Answer Stats

HintAnswer% Correct
Owner of a magic lampAladdin
97%
First name of Iraq's HusseinSaddam
91%
Harry Potter's sportQuidditch
89%
Marmalade-loving bear who
lives in London
Paddington
86%
Athena or Minerva, e.g.Goddess
84%
England's most popular cheeseCheddar
82%
Duck's method of walkingWaddle
82%
Last name of Gomez, Morticia,
Wednesday, etc...
Addams
80%
Word following tapioca, black, or YorkshirePudding
80%
Language of Eastern European JewsYiddish
76%
Elm Street villain (first name)Freddy
72%
First name of Vedder or Van HalenEddie
67%
#1 discussion forum on the internetReddit
67%
Religion practiced by Richard GereBuddhism
66%
Another name for a violinFiddle
65%
Movie about a killer asteroidArmageddon
61%
David Bowie song: "Space _______"Oddity
55%
Golf comedy starring Chevy ChaseCaddyshack
52%
What verboten meansForbidden
50%
City on the Red Sea - future home
of the world's tallest building
Jeddah
36%

Score Distribution

Percentile by Number Answered

Percent of People with Each Score

Your Score History

You have not taken this quiz since the last reset